| 000 | 00337nam a22001337a 4500 | ||
|---|---|---|---|
| 008 | 190304b xxu||||| |||| 00| 0 eng d | ||
| 020 | _a0070124434 | ||
| 041 | _aeng | ||
| 080 |
_22nd _a621 |
||
| 100 | _a26 | ||
| 101 | _aIM | ||
| 245 |
_aMechanical Engineering for Professional Engineers Examinations _cConstance,J.D |
||
| 942 |
_2udc _cBK |
||
| 999 |
_c54411 _d54411 |
||